000 00692cam a2200253 4500500
005 20260329004947.0
041 _afre
042 _adc
100 1 0 _aLacroix, Alexandre
_eauthor
245 0 0 _aUn tombeau au cœur de l’été
260 _c2021.
500 _a33
690 _aÂge
690 _aAlexandre Lacroix
690 _aConfort
690 _aDéguisement
690 _aJeunesse
690 _aMort
690 _aPoésie
690 _aRêve
690 _aVieillesse
786 0 _nPhilosophie magazine | 155 | 12 | 2021-12-01 | p. 1-2 | 1951-1787
856 4 1 _uhttps://shs.cairn.info/magazine-philosophie-magazine-2021-12-1-page-1?lang=fr&redirect-ssocas=7080
999 _c1838953
_d1838953